| 000 | 00602nam a2200205Ia 4500 | ||
|---|---|---|---|
| 003 | OSt | ||
| 005 | 20231109135148.0 | ||
| 008 | 210716s1988 xx 000 0 und d | ||
| 040 | _cAIMIT LIBRARY | ||
| 041 | _aeng | ||
| 082 |
_a005.11FB _21 _bFOXB |
||
| 245 |
_aFoxview: _bfoxbase+screen painter and application generator / |
||
| 250 | _a1st ed. | ||
| 260 |
_aPerrysburg : _c1988. _bOhio; |
||
| 300 |
_aix,5-25,1-42,2-19p. ; _bPB _c24 cm. |
||
| 650 |
_aDatabase fundamentals _9132424 |
||
| 650 |
_aGuide tour _9132425 |
||
| 650 |
_aFoxview shell _9132426 |
||
| 942 |
_2ddc _cBK _e1st ed. _k005.11 FB FOXB |
||
| 999 |
_c181561 _d181561 |
||